Sports Quiz

Random Sports or NFL Quiz

NFC Championship Starting QBs Quiz Stats

 Plays Quiz Updated Jan 24, 2019

Score 0/61 Timer 07:00
4 Plays Today
% Correct
Eli Manning
94.9%
Brett Favre
94.8%
Brett Favre
94.8%
Kurt Warner
93.5%
Kurt Warner
93.5%
Aaron Rodgers
93.1%
Joe Montana
92.6%
Russell Wilson
92.5%
Troy Aikman
91.9%
Drew Brees
91.8%
Steve Young
90.5%
Cam Newton
90.3%
Donovan McNabb
89%
Matt Ryan
88.8%
Nick Foles
87%
Wade Wilson
86.4%
Jared Goff
85.6%
Colin Kaepernick
85.4%
Jay Cutler
85%
Alex Smith
83.2%
Carson Palmer
83.1%
Roger Staubach
82.2%
Bart Starr
79.5%
Matt Hasselbeck
76.8%
Phil Simms
76.1%
Jake Delhomme
74.8%
Michael Vick
74.4%
Brad Johnson
74.2%
Daunte Culpepper
73.3%
Jim McMahon
73.2%
Case Keenum
70.3%
% Correct
Rex Grossman
70.1%
Fran Tarkenton
67.5%
Doug Williams
65.9%
Kerry Collins
65.5%
Kerry Collins
65.5%
Doug Williams
65.3%
Joe Theismann
64.3%
Randall Cunningham
62.8%
Ron Jaworski
56.8%
Mark Rypien
55.1%
Jeff Hostetler
50.1%
Chris Chandler
49.5%
Danny White
46.9%
Jim Everett
40.4%
Shaun King
29.2%
Earl Morrall
28.8%
Erik Kramer
28.8%
Don Meredith
27.3%
Craig Morton
25.8%
Vince Ferragamo
24.9%
Jay Schroeder
24.8%
John Brodie
22.9%
Billy Kilmer
21%
Joe Kapp
20.2%
Pat Haden
13.5%
Dieter Brock
10.3%
Steve Fuller
8.7%
James Harris
8.4%
Bob Lee
4.9%
Bill Nelsen
4.2%

You're not logged in!

Compare scores with friends on all Sporcle quizzes.
OR
Log In

Show Comments

Extras

Top Quizzes Today


Score Distribution

Your Account Isn't Verified!

In order to create a playlist on Sporcle, you need to verify the email address you used during registration. Go to your Sporcle Settings to finish the process.

Report this User

Report this user for behavior that violates our Community Guidelines.

Details: